| 000 | 00684nam a2200229 a 4500 | ||
|---|---|---|---|
| 005 | 20250408063822.0 | ||
| 008 | 040316s2000 mx r 000 0 spa d | ||
| 020 | _a8445502131 | ||
| 035 | _aUPN01000132665 | ||
| 049 | _aCG | ||
| 050 | 4 |
_aLB1049 _bG3.8 |
|
| 100 | 1 | _aGan, Federico | |
| 245 | 1 | 0 |
_aTécnicas de estudio e inteligencia emocional / _cFederico Gan, Mercedes Pasamontes. |
| 260 |
_aBarcelona, Esp. : _bApóstrofe, _c2000. |
||
| 300 | _a330 p. | ||
| 440 | 0 | _aApóstrofe autoayuda | |
| 650 | 4 |
_aMétodos de estudio _94280 |
|
| 650 | 7 |
_aInteligencia emocional _2 _91394 |
|
| 650 | 4 |
_aAutoeducación _92905 |
|
| 700 | 1 |
_aPasamontes, Mercedes, _ecoaut. |
|
| 905 | _aLibro | ||
| 999 |
_c104819 _d104819 |
||